[Event "4NCL/Div4/OXF2 vs. ANGA2"]
[Site "Staverton Park ENG"]
[Date "2008.02.09"]
[Round "5.5"]
[White "Ludbrook, Matt"]
[Black "Botham, Paul"]
[Result "1-0"]
[WhiteElo "2030"]
[BlackElo "2042"]
[PlyCount "119"]
[EventDate "2008.02.09"]
[EventType "team"]
[EventRounds "11"]
[EventCountry "ENG"]
[SourceDate "2007.09.15"]

1. e4 Nf6 2. Nc3 d6 3. h3 e5 4. Nf3 Be7 5. Bc4 O-O 6. d3 Nc6 7. a3 Be6 8. Nd5
h6 9. Be3 Nb8 10. c3 c6 11. Nxf6+ Bxf6 12. Bxe6 fxe6 13. d4 exd4 14. cxd4 d5
15. e5 Be7 16. O-O Nd7 17. b4 Nb6 18. Ne1 Qd7 19. Nd3 Nc4 20. Bc1 Kh7 21. Nf4
Bg5 22. Qd3+ Kg8 23. Ng6 Rf7 24. Bxg5 hxg5 25. Qe2 Qd8 26. Qh5 Rf5 27. Rfd1 g4
28. Qxg4 Qg5 29. Qxg5 Rxg5 30. Nf4 Kf7 31. g4 a5 32. Nd3 Rg6 33. Kg2 Rh6 34.
Kg3 Ke7 35. g5 Rhh8 36. Nf4 Rhc8 37. h4 Kf7 38. h5 b6 39. Nd3 Ra7 40. Kg4 Rca8
41. b5 cxb5 42. g6+ Ke7 43. Kg5 Rf8 44. Kg4 Raa8 45. Rh1 Rh8 46. Ra2 Raf8 47.
Nf4 Rh6 48. Nh3 Rf5 49. Ng5 Rh8 50. Nf7 Rg8 51. Rh3 Kd7 52. Rf3 Rxf3 53. Kxf3
Ke7 54. Kg4 a4 55. Kg5 Re8 56. h6 gxh6+ 57. Nxh6 Kf8 58. Kf6 Re7 59. Nf7 Rc7
60. g7+ 1-0

[Event "4NCL/Div4/OXF2 vs. ANGA2"]
[Site "Staverton Park ENG"]
[Date "2008.02.09"]
[Round "5.6"]
[White "Downham, Alan"]
[Black "Jeffries, Majid"]
[Result "0-1"]
[WhiteElo "1975"]
[BlackElo "2012"]
[PlyCount "79"]
[EventDate "2008.02.09"]
[EventType "team"]
[EventRounds "11"]
[EventCountry "ENG"]
[SourceDate "2007.09.15"]

1. c4 c6 2. g3 d5 3. Bg2 Nf6 4. Qc2 g6 5. d3 Bg7 6. Nf3 dxc4 7. Qxc4 Nbd7 8.
Nc3 Nb6 9. Qb3 Be6 10. Qc2 O-O 11. O-O h6 12. h3 a5 13. e4 Qd7 14. Be3 Nc8 15.
Ne5 Qc7 16. d4 Nd7 17. f4 Nxe5 18. dxe5 Bc4 19. Rfd1 e6 20. Rd2 Rd8 21. Rxd8+
Qxd8 22. Rd1 Qe7 23. Na4 Bb5 24. Nc5 b6 25. a4 bxc5 26. Bxc5 Bxa4 27. Qc4 Bxd1
28. Bxe7 Nxe7 29. Qd4 Bb3 30. Qc3 a4 31. Qd4 Bf8 32. g4 Rc8 33. f5 exf5 34.
exf5 c5 35. Qd7 Rb8 36. f6 Be6 37. Qc7 Nc6 38. Bxc6 Rxb2 39. Bxa4 Rd2 40. Qb8 {
time} 0-1

[Event "4NCL/Div4/CONQ1 vs. WOB"]
[Site "Staverton Park ENG"]
[Date "2008.02.09"]
[Round "5.1"]
[White "Bailey, Kevin"]
[Black "Lewyk, Ihor"]
[Result "1/2-1/2"]
[WhiteElo "2103"]
[BlackElo "2146"]
[PlyCount "53"]
[EventDate "2008.02.09"]
[EventType "team"]
[EventRounds "11"]
[EventCountry "ENG"]
[SourceDate "2007.09.15"]

1. e4 d5 2. exd5 Qxd5 3. Nf3 Nf6 4. d4 Bf5 5. c4 Qd8 6. Nc3 e6 7. Qb3 Qc8 8.
Be2 Be7 9. O-O O-O 10. Bg5 c6 11. Rac1 Nbd7 12. Rfd1 Re8 13. h3 Qc7 14. Nh4 Bg6
15. Nxg6 hxg6 16. Bf3 Rad8 17. Qc2 Nb6 18. Ne2 e5 19. dxe5 Qxe5 20. Bf4 Rxd1+
21. Rxd1 Qe6 22. b3 Bc5 23. Nc3 a6 24. Bd2 Rd8 25. Bf4 Re8 26. Bd2 Rd8 27. Bf4
1/2-1/2

[Event "4NCL/Div4/CONQ1 vs. WOB"]
[Site "Staverton Park ENG"]
[Date "2008.02.09"]
[Round "5.2"]
[White "Zhu, Yao Yao"]
[Black "Ynojosa, Felix J"]
[Result "0-1"]
[WhiteElo "1997"]
[BlackElo "2098"]
[PlyCount "102"]
[EventDate "2008.02.09"]
[EventType "team"]
[EventRounds "11"]
[EventCountry "ENG"]
[SourceDate "2007.09.15"]

1. e4 c5 2. Nc3 Nc6 3. g3 g6 4. Bg2 Bg7 5. f4 d6 6. Nf3 e6 7. O-O Nge7 8. d3
O-O 9. Ne2 f5 10. c3 Rb8 11. Be3 Re8 12. a3 a5 13. a4 b5 14. Qd2 Qb6 15. axb5
Qxb5 16. Ra2 Ba6 17. Nc1 h6 18. Rf2 Rbd8 19. Qc2 c4 20. dxc4 Qxc4 21. Bf1 Qxe4
22. Qxe4 fxe4 23. Bxa6 exf3 24. Rxf3 Rb8 25. Bf2 Kh7 26. Rd3 Red8 27. Rd1 Nd5
28. Bc4 Nc7 29. Bf1 Rb7 30. Bg2 d5 31. Nd3 Bf8 32. Re1 Kg8 33. Raa1 Rb3 34. Re2
Rdb8 35. Rae1 Nd8 36. Bh3 a4 37. Bd4 Nc6 38. Be5 Nxe5 39. Nxe5 Rxb2 40. Nxg6
Rxe2 41. Rxe2 Bc5+ 42. Kg2 a3 43. Bxe6+ Kg7 44. Bf5 Nb5 45. Ne5 Nxc3 46. Re1 a2
47. Ra1 Bd4 48. Nc6 Rb2+ 49. Kh3 Bf6 50. Ne5 Rd2 51. Bg4 Ne4 0-1

[Event "4NCL/Div4/CONQ1 vs. WOB"]
[Site "Staverton Park ENG"]
[Date "2008.02.09"]
[Round "5.3"]
[White "Foster, James C"]
[Black "Carpenter, Dai"]
[Result "0-1"]
[WhiteElo "1970"]
[BlackElo "1961"]
[PlyCount "104"]
[EventDate "2008.02.09"]
[EventType "team"]
[EventRounds "11"]
[EventCountry "ENG"]
[SourceDate "2007.09.15"]

1. e4 d5 2. exd5 Qxd5 3. Nc3 Qa5 4. d4 Nf6 5. Bc4 Bf5 6. Nge2 e6 7. O-O c6 8.
Kh1 Nbd7 9. Ng3 Bg6 10. Nce2 Bd6 11. f4 O-O-O 12. a4 h5 13. h4 Ng4 14. Bd2 Qc7
15. a5 Ndf6 16. Rf3 Ne4 17. Be1 Be7 18. Bd3 f5 19. Nf1 Bf6 20. c3 c5 21. b4 c4
22. Bxe4 fxe4 23. Rh3 e5 24. fxe5 Bxe5 25. Qc1 Rhf8 26. dxe5 Rxf1+ 27. Ng1 Nf2+
28. Bxf2 Rxc1 29. Rxc1 Qxe5 30. Bd4 Qe7 31. Ne2 Bf5 32. Rh2 Bg4 33. Re1 Rf8 34.
Bc5 Qf6 35. Bxf8 Qxf8 36. Ng1 Qf6 37. Rc1 Qf4 38. Rc2 e3 39. g3 Qxg3 40. Rcg2
Qe5 41. Rxg4 hxg4 42. Ne2 Qf6 43. Kg1 a6 44. Nd4 g3 45. Rg2 Qxh4 46. Ne2 Qf6
47. Nd4 Qg6 48. Rc2 Qd3 49. Kg2 e2 50. Rxe2 Qxc3 51. Nf5 Qxb4 52. Re7 g6 0-1

[Event "4NCL/Div4/CONQ1 vs. WOB"]
[Site "Staverton Park ENG"]
[Date "2008.02.09"]
[Round "5.4"]
[White "Davies, Matthew"]
[Black "Cork, David J"]
[Result "1-0"]
[WhiteElo "1937"]
[BlackElo "2019"]
[PlyCount "82"]
[EventDate "2008.02.09"]
[EventType "team"]
[EventRounds "11"]
[EventCountry "ENG"]
[SourceDate "2007.09.15"]

1. d4 Nf6 2. c4 g6 3. Nc3 d6 4. e4 Bg7 5. Nf3 O-O 6. Be2 e5 7. O-O Nc6 8. d5
Ne7 9. Nd2 Ne8 10. b4 f5 11. f3 f4 12. a4 h5 13. c5 g5 14. Nc4 Kh8 15. Ba3 Ng8
16. b5 Nh6 17. h3 Rf6 18. a5 Rg6 19. b6 axb6 20. axb6 g4 21. bxc7 Qh4 22. fxg4
hxg4 23. Qe1 g3 24. Bf3 Bxh3 25. gxh3 Qxh3 26. Ra2 Nf7 27. Qd2 g2 28. Bxg2 f3
29. Rxf3 Qxf3 30. cxd6 Rxg2+ 31. Qxg2 Qxc3 32. Nb6 Rxa3 33. Rxa3 Qc1+ 34. Kh2
Nfxd6 35. Qh3+ Kg8 36. Qe6+ Kh7 37. Rh3+ Bh6 38. Rg3 Bg7 39. Qg6+ Kg8 40. c8=Q
Nxc8 41. Qxe8+ Kh7 1-0

[Event "4NCL/Div4/CONQ1 vs. WOB"]
[Site "Staverton Park ENG"]
[Date "2008.02.09"]
[Round "5.5"]
[White "Auckland, Elliott"]
[Black "Parry, Matthew"]
[Result "1-0"]
[WhiteElo "1925"]
[BlackElo "1855"]
[PlyCount "81"]
[EventDate "2008.02.09"]
[EventType "team"]
[EventRounds "11"]
[EventCountry "ENG"]
[SourceDate "2007.09.15"]

1. d4 d5 2. c4 c6 3. Nf3 Nf6 4. g3 e6 5. Bg2 Nbd7 6. O-O Be7 7. Nc3 Ne4 8. Nd2
Nxd2 9. Qxd2 dxc4 10. e4 b5 11. e5 Qc7 12. Nxb5 Qb6 13. a4 Bb7 14. Na3 Qa6 15.
Qc2 Nb6 16. Bd2 c5 17. a5 Nd7 18. Qxc4 Qxc4 19. Nxc4 Bxg2 20. Kxg2 cxd4 21. b4
O-O-O 22. b5 Kb7 23. f4 Rc8 24. Rfc1 Rhe8 25. Rab1 f6 26. Bb4 Nc5 27. a6+ Kb8
28. Na5 Nd3 29. Rxc8+ Kxc8 30. Bxe7 Rxe7 31. Rd1 Nb4 32. Rxd4 Nd5 33. Rc4+ Kd7
34. Kf2 Nb6 35. Rc2 Rf7 36. Nc6 Nc8 37. Ke3 Rf8 38. Ke4 fxe5 39. Nxe5+ Kd6 40.
Rc6+ Ke7 41. Rc7+ 1-0

[Event "4NCL/Div4/CONQ1 vs. WOB"]
[Site "Staverton Park ENG"]
[Date "2008.02.09"]
[Round "5.6"]
[White "Griffiths, Hywel"]
[Black "Suarez Prendes, Rufino"]
[Result "0-1"]
[WhiteElo "1693"]
[BlackElo "1886"]
[PlyCount "62"]
[EventDate "2008.02.09"]
[EventType "team"]
[EventRounds "11"]
[EventCountry "ENG"]
[SourceDate "2007.09.15"]

1. b4 e5 2. Bb2 Bxb4 3. Bxe5 Nf6 4. Nf3 Nc6 5. e3 Nxe5 6. Nxe5 Qe7 7. Nd3 Ba5
8. c4 b6 9. Be2 Ba6 10. Nf4 Qe5 11. Na3 Ne4 12. O-O Nxd2 13. Re1 c6 14. Bg4 O-O
15. Qc2 f5 16. Be2 Rae8 17. Red1 Ne4 18. Rab1 Nxf2 19. Nd3 Nxd3 20. Rxd3 f4 21.
Rbd1 fxe3 22. Rxd7 Bc8 23. Rxa7 Bf5 24. Qb3 Rd8 25. g4 Rxd1+ 26. Qxd1 Be4 27.
Nc2 Qf4 28. Qf1 Qxf1+ 29. Bxf1 Bxc2 30. Re7 Rxf1+ 31. Kxf1 Bd3+ 0-1

[Event "4NCL/Div4/SSC vs. PPA2"]
[Site "Staverton Park ENG"]
[Date "2008.02.09"]
[Round "5.1"]
[White "Elliston, Robert"]
[Black "Dargan, Paul"]
[Result "1/2-1/2"]
[WhiteElo "2115"]
[BlackElo "2185"]
[PlyCount "80"]
[EventDate "2008.02.09"]
[EventType "team"]
[EventRounds "11"]
[EventCountry "ENG"]
[SourceDate "2007.09.15"]

1. c4 Nf6 2. Nc3 e6 3. Nf3 d5 4. cxd5 exd5 5. d4 c5 6. g3 Nc6 7. Bg2 Be7 8. O-O
O-O 9. dxc5 Bxc5 10. Bg5 d4 11. Bxf6 Qxf6 12. Ne4 Qe7 13. Nxc5 Qxc5 14. Qd2 Bg4
15. Rac1 Qb6 16. b3 Rad8 17. Qf4 Bh5 18. Rfd1 Rfe8 19. Rd2 Bg6 20. Nh4 d3 21.
Bxc6 bxc6 22. Nxg6 hxg6 23. exd3 Rd4 24. Qf3 c5 25. Re2 Rxe2 26. Qxe2 Qd6 27.
Qe8+ Kh7 28. Qxf7 Rxd3 29. Qc4 Rd2 30. a4 Qd4 31. Qxd4 cxd4 32. Kf1 d3 33. b4
Rb2 34. b5 Ra2 35. Rd1 Rxa4 36. Rxd3 a6 37. bxa6 Rxa6 38. h4 Rb6 39. Kg2 Rf6
40. f4 Ra6 1/2-1/2

[Event "4NCL/Div4/SSC vs. PPA2"]
[Site "Staverton Park ENG"]
[Date "2008.02.09"]
[Round "5.2"]
[White "Richter, Hans"]
[Black "Salimbeni, George"]
[Result "1-0"]
[WhiteElo "2144"]
[BlackElo "2038"]
[PlyCount "113"]
[EventDate "2008.02.09"]
[EventType "team"]
[EventRounds "11"]
[EventCountry "ENG"]
[SourceDate "2007.09.15"]

1. d4 Nf6 2. c4 g6 3. Nc3 d5 4. Nf3 Bg7 5. Bg5 Ne4 6. cxd5 Nxg5 7. Nxg5 e6 8.
Nf3 exd5 9. b4 O-O 10. e3 c6 11. Bd3 Be6 12. Qc2 Nd7 13. O-O Rc8 14. Rab1 Re8
15. h3 b6 16. Qa4 Rc7 17. Rfc1 Nb8 18. Qc2 Rc8 19. Na4 Qd6 20. Rb3 Red8 {=} 21.
a3 Qe7 22. Rc3 Qe8 23. Nb2 Rc7 24. Be2 Rdc8 25. Nd3 Bf5 26. Qb3 Qe7 27. Nf4 Qd6
28. Bd3 Bxd3 29. Nxd3 Nd7 30. Nf4 Bh6 31. Nd3 Bg7 32. R3c2 c5 33. bxc5 bxc5 34.
dxc5 Nxc5 35. Nxc5 Rxc5 36. Rxc5 Rxc5 37. Rxc5 Qxc5 38. Qb8+ Bf8 39. a4 Qa5 40.
Qb5 Qd8 41. Nd4 Qd6 42. Nc6 Qc5 43. Qxc5 Bxc5 44. Kf1 Kf8 45. Ke2 Ke8 46. g4
Kd7 47. Ne5+ Ke6 48. Nf3 h6 49. Kd3 f5 {=} 50. Nd4+ Bxd4 51. gxf5+ gxf5 52.
Kxd4 a5 53. f3 f4 54. e4 dxe4 55. Kxe4 Kf6 56. Kxf4 h5 57. h4 1-0

[Event "4NCL/Div4/SSC vs. PPA2"]
[Site "Staverton Park ENG"]
[Date "2008.02.09"]
[Round "5.3"]
[White "Bucher, Grant W"]
[Black "Goodger, Martyn"]
[Result "0-1"]
[WhiteElo "1938"]
[BlackElo "2113"]
[PlyCount "44"]
[EventDate "2008.02.09"]
[EventType "team"]
[EventRounds "11"]
[EventCountry "ENG"]
[SourceDate "2007.09.15"]

1. e4 d5 2. exd5 Qxd5 3. Nc3 Qa5 4. d4 Nf6 5. Bd3 Bg4 6. f3 Bd7 7. Nge2 Nc6 8.
Be3 O-O-O 9. O-O e5 10. a3 exd4 11. b4 Qh5 12. Bxd4 Nxd4 13. Nxd4 Qe5 14. Nde2
Bd6 15. g3 h5 16. Ne4 Nxe4 17. Bxe4 Bh3 18. Rf2 Bc5 19. Qe1 Bxf2+ 20. Kxf2 f5
21. Bd3 Rhe8 22. Qc1 Rxd3 0-1

[Event "4NCL/Div4/SSC vs. PPA2"]
[Site "Staverton Park ENG"]
[Date "2008.02.09"]
[Round "5.4"]
[White "McCorry, Robert T"]
[Black "Fraser, Joe P"]
[Result "1/2-1/2"]
[WhiteElo "2103"]
[BlackElo "1987"]
[PlyCount "64"]
[EventDate "2008.02.09"]
[EventType "team"]
[EventRounds "11"]
[EventCountry "ENG"]
[SourceDate "2007.09.15"]

1. e4 c5 2. Nf3 Nc6 3. d4 cxd4 4. Nxd4 Nf6 5. Nc3 e5 6. Ndb5 d6 7. Bg5 a6 8.
Na3 b5 9. Nd5 Be7 10. Bxf6 Bxf6 11. c3 O-O 12. Nc2 Rb8 13. Be2 Bg5 14. Nce3 g6
15. O-O f5 16. f3 Bxe3+ 17. Nxe3 Qb6 18. Rf2 Qxe3 19. Qd5+ Kg7 20. Qxc6 Qb6 21.
Qxb6 Rxb6 22. exf5 gxf5 23. Rd1 Be6 24. a3 d5 25. Bd3 Rd6 26. Bc2 d4 27. f4 e4
28. Rxd4 Rxd4 29. cxd4 Bc4 30. Rd2 Re8 31. b3 Bd5 32. Kf1 Rc8 1/2-1/2

[Event "4NCL/Div4/SSC vs. PPA2"]
[Site "Staverton Park ENG"]
[Date "2008.02.09"]
[Round "5.5"]
[White "Tucker, Andrew L"]
[Black "McMahon, Paul"]
[Result "1-0"]
[WhiteElo "1963"]
[BlackElo "2034"]
[PlyCount "65"]
[EventDate "2008.02.09"]
[EventType "team"]
[EventRounds "11"]
[EventCountry "ENG"]
[SourceDate "2007.09.15"]

1. e4 d5 2. exd5 Qxd5 3. Nc3 Qd6 4. d4 Nf6 5. Nge2 Bg4 6. h3 Bxe2 7. Bxe2 a6 8.
O-O Nc6 9. Be3 O-O-O 10. Bg4+ e6 11. Ne2 Nxg4 12. hxg4 h5 13. g5 e5 14. c3 g6
15. Qb3 f5 16. f4 e4 17. Qa4 Qe7 18. b4 h4 19. b5 Nb8 20. Rab1 h3 21. Kh2 Qh7
22. g3 axb5 23. Rxb5 c6 24. Rb6 Rd7 25. Rfb1 Qe7 26. Qa8 Rc7 27. a4 Bg7 28. a5
Qf7 29. a6 Qc4 30. R1b2 Kd7 31. a7 Qa6 32. Rxa6 Nxa6 33. Qxh8 1-0

[Event "4NCL/Div4/SSC vs. PPA2"]
[Site "Staverton Park ENG"]
[Date "2008.02.09"]
[Round "5.6"]
[White "Judkins, Brian"]
[Black "Grant, David"]
[Result "0-1"]
[WhiteElo "1945"]
[BlackElo "1927"]
[PlyCount "62"]
[EventDate "2008.02.09"]
[EventType "team"]
[EventRounds "11"]
[EventCountry "ENG"]
[SourceDate "2007.09.15"]

1. e4 c5 2. Nf3 d6 3. d4 cxd4 4. Nxd4 Nf6 5. Nc3 g6 6. Be2 Bg7 7. Be3 Nc6 8.
Nb3 Bd7 9. O-O O-O 10. f4 b5 11. a3 Qc8 12. Kh1 Rb8 13. Qd2 a5 14. Bd3 Qb7 15.
h3 Rfc8 16. Rad1 Qa8 17. Rfe1 a4 18. Nd4 Na5 19. e5 dxe5 20. fxe5 Nh5 21. e6
fxe6 22. Bxb5 Bxb5 23. Ncxb5 Nc4 24. Qb4 Nxe3 25. Rxe3 Bxd4 26. Rxd4 Rxc2 27.
Rg4 Nf6 28. Qxe7 Nxg4 29. Qxe6+ Kh8 30. Qxg4 Rxb5 31. Qd4+ Kg8 0-1

[Event "4NCL/Div4/SCS vs. GUI5"]
[Site "Staverton Park ENG"]
[Date "2008.02.09"]
[Round "5.1"]
[White "Haydon, David"]
[Black "Shaw, Matthew"]
[Result "1-0"]
[WhiteElo "2108"]
[BlackElo "1935"]
[PlyCount "83"]
[EventDate "2008.02.09"]
[EventType "team"]
[EventRounds "11"]
[EventCountry "ENG"]
[SourceDate "2007.09.15"]

1. d4 Nf6 2. Bg5 g6 3. Bxf6 exf6 4. e3 Bg7 5. Nf3 d5 6. c4 O-O 7. Nc3 dxc4 8.
Bxc4 c6 9. a3 a5 10. b4 axb4 11. axb4 Rxa1 12. Qxa1 Bg4 13. Nd2 f5 14. Qa7 Re8
15. O-O Re7 16. Be2 b6 17. Qa8 Qc7 18. Bxg4 fxg4 19. b5 Bf8 20. bxc6 Qxc6 21.
Qxc6 Nxc6 22. Nc4 Rb7 23. Rb1 Nb4 24. Nb5 Nc6 25. g3 Kg7 26. e4 Kf6 27. Ne3 h5
28. Nd5+ Ke6 29. Rc1 Ne7 30. Nf4+ Kd7 31. d5 Bh6 32. Kf1 Bxf4 33. gxf4 f5 34.
d6 Nc6 35. e5 g5 36. e6+ Kxe6 37. Rxc6 gxf4 38. Ke2 h4 39. Rc4 f3+ 40. Ke3 Kd7
41. Kf4 Ke6 42. Rc8 1-0

[Event "4NCL/Div4/SCS vs. GUI5"]
[Site "Staverton Park ENG"]
[Date "2008.02.09"]
[Round "5.2"]
[White "Albrecht, Theo"]
[Black "Baptie, Justin P"]
[Result "0-1"]
[WhiteElo "1900"]
[BlackElo "2102"]
[PlyCount "68"]
[EventDate "2008.02.09"]
[EventType "team"]
[EventRounds "11"]
[EventCountry "ENG"]
[SourceDate "2007.09.15"]

1. e4 c5 2. d3 Nc6 3. c3 d6 4. f4 Nf6 5. Nf3 g6 6. Be2 Bg7 7. O-O O-O 8. Na3 a6
9. Nc2 c4 10. Kh1 e6 11. Ne3 cxd3 12. Bxd3 b5 13. Qe1 Bb7 14. Nc2 Nd7 15. Ncd4
Qc7 16. Qh4 Nc5 17. Bc2 Qe7 18. Qe1 Rfe8 19. b4 Nd7 20. Be3 Rac8 21. Rc1 Nb6
22. Nxc6 Rxc6 23. Nd4 Rcc8 24. Bd3 Nc4 25. Bxc4 Rxc4 26. Bd2 e5 27. Nb3 exf4
28. e5 Re4 29. exd6 Rxe1 30. dxe7 Rxf1+ 31. Rxf1 Rxe7 32. Rxf4 Re2 33. Rg4 Bd5
34. Rd4 Bxd4 0-1

[Event "4NCL/Div4/SCS vs. GUI5"]
[Site "Staverton Park ENG"]
[Date "2008.02.09"]
[Round "5.3"]
[White "Heard, Andrew H"]
[Black "Kokossis, Danae"]
[Result "1/2-1/2"]
[WhiteElo "2010"]
[BlackElo "1750"]
[PlyCount "44"]
[EventDate "2008.02.09"]
[EventType "team"]
[EventRounds "11"]
[EventCountry "ENG"]
[SourceDate "2007.09.15"]

1. e4 e5 2. Nf3 Nc6 3. Bb5 a6 4. Ba4 Nf6 5. O-O Be7 6. Re1 b5 7. Bb3 O-O 8. c3
d5 9. exd5 Nxd5 10. Nxe5 Nxe5 11. Rxe5 c6 12. d4 Bd6 13. Re1 Qh4 14. g3 Qh3 15.
Qf3 Bg4 16. Qg2 Qh5 17. Bxd5 cxd5 18. Nd2 Rfe8 19. Re3 Bh3 20. Qf3 Bg4 21. Qg2
Bh3 22. Qf3 Bg4 1/2-1/2

[Event "4NCL/Div4/SCS vs. GUI5"]
[Site "Staverton Park ENG"]
[Date "2008.02.09"]
[Round "5.4"]
[White "Kokossis, Antonis"]
[Black "Sathyanandha, Saravanan"]
[Result "0-1"]
[WhiteElo "1700"]
[BlackElo "1908"]
[PlyCount "98"]
[EventDate "2008.02.09"]
[EventType "team"]
[EventRounds "11"]
[EventCountry "ENG"]
[SourceDate "2007.09.15"]

1. e4 e6 2. d4 d5 3. Nc3 dxe4 4. Nxe4 Nd7 5. Nf3 Ngf6 6. Bd3 Be7 7. O-O O-O 8.
c3 b6 9. Ne5 Bb7 10. Nxf6+ Bxf6 11. Nxd7 Qxd7 12. f3 Rad8 13. Qc2 Bxd4+ 14. Kh1
Bf6 15. Bxh7+ Kh8 16. Be4 Bxe4 17. Qxe4 Qb5 18. c4 Qb4 19. Qc2 Rd4 20. b3 Rfd8
21. Rb1 Qd6 22. Be3 Rd3 23. Qf2 Bd4 24. Bxd4 Qxd4 25. Qxd4 R8xd4 26. Kg1 Rd2
27. Rf2 Rxf2 28. Kxf2 Rd2+ 29. Kg3 Rxa2 30. h4 g6 31. Kh3 Kg7 32. g4 Ra3 33. g5
a5 34. Kg4 a4 35. bxa4 Rxa4 36. Rc1 b5 37. f4 Rxc4 38. Rxc4 bxc4 39. Kf3 Kf8
40. Ke3 Ke7 41. Kd4 Kd6 42. Kxc4 c5 43. Kd3 Kd5 44. Ke3 c4 45. f5 exf5 46. h5
gxh5 47. Kf4 c3 48. Kxf5 c2 49. Kf6 c1=Q 0-1

[Event "4NCL/Div4/NOTT2 vs. LIT1"]
[Site "Staverton Park ENG"]
[Date "2008.02.09"]
[Round "5.1"]
[White "Wright, Antony J"]
[Black "Byron, Alan M"]
[Result "1/2-1/2"]
[WhiteElo "1995"]
[BlackElo "2229"]
[PlyCount "40"]
[EventDate "2008.02.09"]
[EventType "team"]
[EventRounds "11"]
[EventCountry "ENG"]
[SourceDate "2007.09.15"]

1. d4 Nf6 2. Bf4 d6 3. Nf3 g6 4. Nc3 c6 5. e4 Bg7 6. Qd2 b5 7. Bd3 b4 8. Ne2
Qb6 9. Bh6 O-O 10. Bxg7 Kxg7 11. h3 Ba6 12. c3 Bxd3 13. Qxd3 Qa6 14. Qxa6 Nxa6
15. e5 Ne4 16. O-O bxc3 17. Nxc3 Nxc3 18. bxc3 Rfb8 19. Rab1 Nc7 20. exd6 exd6
1/2-1/2

[Event "4NCL/Div4/NOTT2 vs. LIT1"]
[Site "Staverton Park ENG"]
[Date "2008.02.09"]
[Round "5.2"]
[White "Mansson, James C"]
[Black "Place, William"]
[Result "1-0"]
[WhiteElo "2159"]
[BlackElo "1985"]
[PlyCount "75"]
[EventDate "2008.02.09"]
[EventType "team"]
[EventRounds "11"]
[EventCountry "ENG"]
[SourceDate "2007.09.15"]

1. Nf3 g6 2. c4 Bg7 3. e4 d6 4. d4 Nf6 5. Nc3 O-O 6. Be2 e5 7. O-O Nc6 8. d5
Ne7 9. b4 Nh5 10. Re1 f5 11. Ng5 Nf4 12. Bxf4 exf4 13. Rc1 h6 14. Ne6 Bxe6 15.
dxe6 c6 16. Bf3 Be5 17. Qb3 Qc7 18. b5 Kh7 19. c5 dxc5 20. bxc6 Bxc3 21. cxb7
Bxe1 22. bxa8=Q Bxf2+ 23. Kxf2 Rxa8 24. exf5 Rb8 25. fxg6+ Nxg6 26. Qd3 Qe5 27.
Qd7+ Kh8 28. Re1 Qd4+ 29. Kf1 Qc4+ 30. Be2 Qxa2 31. Qf7 Rg8 32. Qf6+ Rg7 33.
Bd3 Ne7 34. Re2 Qa4 35. Bc2 Qa3 36. Qxh6+ Kg8 37. Qxf4 Qb2 38. Bh7+ 1-0

[Event "4NCL/Div4/NOTT2 vs. LIT1"]
[Site "Staverton Park ENG"]
[Date "2008.02.09"]
[Round "5.3"]
[White "Thompson, Brian"]
[Black "Jones, Christopher M"]
[Result "1/2-1/2"]
[WhiteElo "1936"]
[BlackElo "2145"]
[PlyCount "90"]
[EventDate "2008.02.09"]
[EventType "team"]
[EventRounds "11"]
[EventCountry "ENG"]
[SourceDate "2007.09.15"]

1. d4 Nf6 2. Nf3 c5 3. d5 g6 4. Nc3 Bg7 5. e4 d6 6. Be3 a6 7. a4 Ng4 8. Bd2 Nd7
9. h3 Nge5 10. Be2 Rb8 11. O-O Nxf3+ 12. Bxf3 O-O 13. Be2 Nf6 14. f4 b5 15. e5
dxe5 16. axb5 axb5 17. Be3 b4 18. fxe5 bxc3 19. exf6 Bxf6 20. bxc3 Bxc3 21. Ra7
Qd6 22. Bf4 Be5 23. Bxe5 Qxe5 24. Bf3 Qd6 25. Qe2 Bb7 26. c4 Rfe8 27. Re1 Qb6
28. Qa2 Ra8 29. Rxa8 Rxa8 30. Qd2 Qd6 31. Qe3 Re8 32. Bd1 e5 33. Ba4 Re7 34.
Rb1 Ba6 35. Bb5 Rb7 36. Rb3 Bxb5 37. cxb5 Qxd5 38. Rd3 Qe6 39. Qxc5 Qb6 40. Rd5
Qxc5+ 41. Rxc5 f6 42. Kf2 Kf7 43. Ke3 Rb6 44. Kd3 Ke6 45. Kc4 e4 1/2-1/2

[Event "4NCL/Div4/NOTT2 vs. LIT1"]
[Site "Staverton Park ENG"]
[Date "2008.02.09"]
[Round "5.4"]
[White "Gibson, Christopher A"]
[Black "Taylor, Robert P"]
[Result "1-0"]
[WhiteElo "2019"]
[BlackElo "1999"]
[PlyCount "93"]
[EventDate "2008.02.09"]
[EventType "team"]
[EventRounds "11"]
[EventCountry "ENG"]
[SourceDate "2007.09.15"]

1. d4 Nf6 2. c4 d6 3. Nc3 Nbd7 4. e4 e5 5. d5 Be7 6. Bd3 O-O 7. f3 c6 8. Be3
cxd5 9. cxd5 a6 10. Nge2 b6 11. O-O Nc5 12. Bc2 Ne8 13. b4 Nd7 14. Qd2 b5 15.
a4 bxa4 16. Nxa4 g6 17. Nc1 Ng7 18. Nb3 f5 19. Na5 f4 20. Bf2 Bh4 21. Nc6 Qg5
22. Rfc1 Bb7 23. Bd3 h5 24. Bxh4 Qxh4 25. Qe2 Qf6 26. Nb2 Nb8 27. Na5 Qe7 28.
Rc3 Rc8 29. Rac1 Qd7 30. Qc2 Rxc3 31. Qxc3 Ne8 32. Bc2 Qd8 33. Ba4 Nd7 34. Nxb7
Qb6+ 35. Kh1 Qxb7 36. Bc6 Qa7 37. Bxa8 Qxa8 38. Qc8 Qxc8 39. Rxc8 Kf7 40. Rc6
Ke7 41. Nc4 g5 42. Rxa6 g4 43. Ra7 Kd8 44. Ra8+ Ke7 45. Na5 Nb6 46. Nc6+ Kd7
47. Rd8+ 1-0

[Event "4NCL/Div4/NOTT2 vs. LIT1"]
[Site "Staverton Park ENG"]
[Date "2008.02.09"]
[Round "5.5"]
[White "Graham, Neil"]
[Black "Jackson, James P"]
[Result "1/2-1/2"]
[WhiteElo "1895"]
[BlackElo "2035"]
[PlyCount "88"]
[EventDate "2008.02.09"]
[EventType "team"]
[EventRounds "11"]
[EventCountry "ENG"]
[SourceDate "2007.09.15"]

1. d4 Nf6 2. f3 d5 3. e4 dxe4 4. Nc3 e5 5. d5 Bb4 6. Bg5 e3 7. Bb5+ Nbd7 8.
Bxe3 O-O 9. Nge2 Bc5 10. Bxc5 Nxc5 11. O-O a6 12. Bc4 b5 13. b4 Nb7 14. Bb3 Nd6
15. Ng3 Nd7 16. Nce4 f5 17. Nxd6 cxd6 18. Qd3 Qg5 19. a4 e4 20. fxe4 Ne5 21.
Qe2 bxa4 22. Bxa4 f4 23. Qh5 Qxh5 24. Nxh5 g5 25. h3 h6 26. Ra3 Kh7 27. Rc3 Kg6
28. g4 Rf7 29. Be8 Bd7 30. Bxf7+ Nxf7 31. Rc7 Ne5 32. Ra1 Rb8 33. Rxa6 Bxg4 34.
hxg4 Nxg4 35. Nxf4+ gxf4 36. Rxd6+ Kg5 37. c3 Ra8 38. Rg7+ Kh4 39. Rxg4+ Kxg4
40. Rxh6 Ra1+ 41. Kf2 Ra2+ 42. Ke1 Kf3 43. Rh3+ Kxe4 44. d6 Ra1+ 1/2-1/2

[Event "4NCL/Div4/NOTT2 vs. LIT1"]
[Site "Staverton Park ENG"]
[Date "2008.02.09"]
[Round "5.6"]
[White "Jaszkiwskyj, Peter"]
[Black "Cranmer, Stan"]
[Result "0-1"]
[WhiteElo "2005"]
[BlackElo "1910"]
[PlyCount "32"]
[EventDate "2008.02.09"]
[EventType "team"]
[EventRounds "11"]
[EventCountry "ENG"]
[SourceDate "2007.09.15"]

1. e4 e5 2. Nf3 Nf6 3. d4 Nxe4 4. dxe5 d5 5. exd6 Bxd6 6. Bd3 Nf6 7. O-O O-O 8.
Nc3 Bg4 9. Ne4 Be7 10. Ng3 Nbd7 11. h3 Bxf3 12. Qxf3 Ne5 13. Qxb7 Nxd3 14. Rd1
Nc5 15. Rxd8 Nxb7 16. Rxa8 Rxa8 0-1

[Event "4NCL/Div4/CONQ2 vs. AMCAH"]
[Site "Staverton Park ENG"]
[Date "2008.02.09"]
[Round "5.1"]
[White "Ynojosa, Angelica M"]
[Black "Mitchell, Stephen R"]
[Result "0-1"]
[WhiteElo "1880"]
[BlackElo "2010"]
[PlyCount "72"]
[EventDate "2008.02.09"]
[EventType "team"]
[EventRounds "11"]
[EventCountry "ENG"]
[SourceDate "2007.09.15"]

1. e4 b6 2. d4 Bb7 3. Nc3 e6 4. a3 d6 5. Nf3 Nd7 6. Bd3 g6 7. Bg5 Ne7 8. O-O
Bg7 9. Qd2 h6 10. Be3 a6 11. Rfe1 Nf6 12. h3 Qd7 13. Qe2 O-O 14. Rad1 b5 15. g4
Nh7 16. Nh2 g5 17. Nf1 Rae8 18. Ng3 Ng6 19. Nh5 Bh8 20. Rf1 Nh4 21. f4 f5 22.
Kh2 gxf4 23. Nxf4 Ng5 24. gxf5 exf5 25. Qh5 Nhf3+ 26. Rxf3 fxe4 27. Qg6+ Qg7
28. Qxg7+ Bxg7 29. Rg3 exd3 30. Nxd3 Nf3+ 31. Kg2 Rxe3 32. d5 Nh4+ 33. Kh2 Rxg3
34. Kxg3 Nf5+ 35. Kg2 Bxc3 36. bxc3 Ne3+ 0-1